Kinh tế xã hội Việt Nam 3 năm 2001 - 2003

Đã lưu trong:
Bibliografiske detaljer
Hovedforfatter: Tổng Cục Thống Kê
Format: Bog
Sprog:Undetermined
Udgivet: Hà Nội Thống kê 2003
Fag:
Tags: Tilføj Tag
Ingen Tags, Vær først til at tagge denne postø!
Thư viện lưu trữ: Trung tâm Học liệu Trường Đại học Cần Thơ
LEADER 00603nam a2200205Ia 4500
001 CTU_62535
008 210402s9999 xx 000 0 und d
020 |b 70000 
082 |a 330.9597 
082 |b T455 
100 |a Tổng Cục Thống Kê 
245 0 |a Kinh tế xã hội Việt Nam 3 năm 2001 - 2003 
245 0 |c Tổng Cục Thống Kê 
260 |a Hà Nội 
260 |b Thống kê 
260 |c 2003 
650 |a vietnam 
650 |x developing countries,socioeconomic aspects 
904 |i Minh 
980 |a Trung tâm Học liệu Trường Đại học Cần Thơ